000 00533nam a22001937a 4500
005 20250225191436.0
008 250225b |||||||| |||| 00| 0 eng d
020 _a9780077119720
050 _aHF5415
_b.P234 PAL
100 _aPalmer Adrian
245 _aThe Business Environment
_cAdrian Palmer & Bob Hartley
250 _a6th Ed.
260 _aLondon
_bMcGraw-Hill
_c2009
300 _axvii. 586p.
_bill. col.
_c23 cm
500 _aIncludes Index
650 _2Business
700 _aHartley Bob
942 _2lcc
_cBK
_e6th Ed.
_n0
999 _c4365
_d4365